LEADER 02743nam0 2200481 i 450 001 BVEE021593 005 20170908093211.0 012 $alaa- i.e, lefu cimi (3) 1598 (R)$2fei 012 $alaa- i.ne lefu cimi (3) 1598 (R)$2fei$9Variante B 100 $a20110923d1598 ||||0itac50 ba 101 | $aita 102 $ait 181 1$6z01$ai $bxxxe 182 1$6z01$an 200 1 $aDelle croniche de' frati minori parte seconda, diuisa in dieci libri, nella quale si contiene quello che occorse nella religione del padre s. Francesco nel tempo di ventiquattro ministri generali per lo spatio d'anni centociquanta. Composta da p.f. Marco da Lisbona in lingua portughese poi ridotta nella castigliana dal padre fra Filippo de Sosa. Et tradotta nella nostra italiana dal sig. Horatio Diola con tauole copiosissime 205 $aCon tauole copiosissime, & in questa terza edittione corretta, e migliorata. .. 210 $aIn Venetia$cappresso i Gioliti$d1598 215 $a[60], 628 p.$cill 300 $aOgnuna delle 3 parti delle Croniche pubblicata separatamente 300 $aMarche tipografiche sul frontespizio (Z541), a carta b1r e A1r (U914) 300 $aCorsivo ; romano 300 $aSegnatura: a-b⁴ c-d⁸ e⁶ A-2Q⁸ 2R² 300 $aIniziali e testatine xilografiche 300 $aLa carta a4v contiene un'illustrazione xilografica a piena pagina 300 $aVariante B: ricomposto il fascicolo b4, fregio xilografico a carta b1r. 316 $a1 v.$5IT-NA0074, SM 5C 00034 500 10$aChronicas de la orden de los frayes menores.$3BVEE005240$9BVEV023896$91480525 620 $dVenezia$3SBLL003553 700 0$aMarcos de Lisboa$f <1511-1591>$3BVEV023896$4070$0743855 702 1$aSosa$b, Felipe : de$f $3RMLV032241 702 1$aDiola$b, Orazio$f $3SBLV227159 712 02$aGiolito de Ferrari, Giovanni Paolo & nipoti$3CNCV901133$4650 790 1$aLisbona$b, Marco : da$f <1511-1591>$3PUVV401907$zMarcos de Lisboa <1511-1591> 790 1$aLisboa$b, Marcos : de$f <1511-1591>$3PUVV401908$zMarcos de Lisboa <1511-1591> 801 3$aIT$bIT-NA0079$c20110923 850 $aIT-NA0074 912 $aBVEE021593 921 $aBVEM000610$bIn cornice figurata: Fenice che esce da un braciere in fiamme. Motto: semper eadem. Iniziali: GGF.$cA125$cZ541 921 $aCERM003830$bFenice su fiamme. In fregio con putti alati. Con motto: Semper eadem.$cU914 950 0$aBiblioteca Provinciale Laurenziana$b1 esemplare$c1 v.$d 91SM 5C 00034$e 91ANT0000002425 H 1 v.$fZ $i20110923 977 $a 91 996 $aChronicas de la orden de los frayes menores$91480525 997 $aUNISANNIO LEADER 01222nam 2200313Ia 450 001 996385153103316 005 20221108062404.0 035 $a(CKB)1000000000609901 035 $a(EEBO)2264215720 035 $a(OCoLC)07951626 035 $a(EXLCZ)991000000000609901 100 $a19811123d1676 uy | 101 0 $aeng 135 $aurbn||||a|bb| 200 14$aThe Lord Holles his vindication of himself and of his son Sir Francis Holles from some foul aspersions cast upon them by Mr. Justice Ellis$b[electronic resource] $ein some depositions of his taken in the High Court of Chancery 210 $aLondon $c[s.n.]$d1676 215 $a18 p 300 $aReproduction of original in the Bodleian Library. 330 $aeebo-0014 607 $aGreat Britain$xHistory$yRestoration, 1660-1688 607 $aGreat Britain$xPolitics and government$y1660-1688 700 $aHolles$b Denzil Holles$cBaron,$f1599-1680.$01001819 801 0$bEEU 801 1$bEEU 801 2$bWaOLN 906 $aBOOK 912 $a996385153103316 996 $aThe Lord Holles his vindication of himself and of his son Sir Francis Holles from some foul aspersions cast upon them by Mr. Justice Ellis$92358806 997 $aUNISA